000 00567nam a2200181Ia 4500
008 100921s9999 xx 000 0 und d
082 _b11736
_a891.463 थ 62
100 _aभावे पुरूषोत्तम भास्कर.
245 _aवैरी.
260 _bसुविचार प्रकाशन,पुण्ेा,नागपूर.
_c1962
300 _a139
_b---
365 _b4
520 _aललित-कथा.
630 _aवैरी.
650 _aललित-कथा.
730 _aवैरी.
942 _cBOOK
999 _c760849
_d760846